Films par GIFS #7 - Statistiques

Statistiques générales
  • Ce quiz a été pris 135 fois
  • Le résultat moyen est 14 sur 30
Statistiques - réponses
Hint Réponse % Correct
Aquaman
89%
Avengers
86%
Le Seigneur des anneaux 1
79%
Les Goonies
78%
La Vie d'Adèle
76%
Roméo + Juliette
72%
Le Seigneur des anneaux 3
69%
Le Seigneur des anneaux 2
68%
Entretien avec un vampire
60%
La Chute
51%
Un moment d'égarement
48%
Seul au Monde
47%
Chronicle
46%
Piège de cristal
46%
Jurassic Park 1
44%
Quatre Mariages et un enterrement
44%
Les Petits Mouchoirs
35%
Jurassic Park 3
34%
Légendes d'automne
34%
Le Pacte des loups
33%
Détour mortel
32%
Le Collectionneur
31%
Danse avec les loups
28%
Demain ne meurt jamais
28%
Jurassic Park 2
28%
Jessie (Gerald's Game)
27%
Dangereuse Alliance
26%
Mort ou vif
25%
Dracula
22%
Le Dernier des Mohicans
20%
Aucun quiz correspondant
Distribution des résultats
% des personnes avec chaque résultat
Percentile par nombre de réponses
Votre historique - résultats
Vous n’avez pas pris ce quiz